A. WESLEY POWELL LEARNING RESOURCE CENTRE (WPLRC)

Wonderful Place to Learn, Research & Collaborate

Angeles quebrados / (Record no. 76)

MARC details
000 -LEADER
fixed length control field 00837cam a2200313 a 4500
001 - ACCESSION NUMBER
control field 14388
003 - CONTROL NUMBER IDENTIFIER
control field OSt
005 - DATE AND TIME OF LATEST TRANSACTION
control field 20140908151808.0
008 - FIXED-LENGTH DATA ELEMENTS--GENERAL INFORMATION
fixed length control field 070418s2007 pe 000 f spa c
020 ## - INTERNATIONAL STANDARD BOOK NUMBER
International Standard Book Number 9789972291517
020 ## - INTERNATIONAL STANDARD BOOK NUMBER
International Standard Book Number 9972291510
035 ## - SYSTEM CONTROL NUMBER
System control number (OCoLC)ocn143882493
035 ## - SYSTEM CONTROL NUMBER
System control number (OCoLC)143882493
035 ## - SYSTEM CONTROL NUMBER
System control number (NNC)6339858
040 ## - CATALOGING SOURCE
Original cataloging agency COO
Transcribing agency COO
Modifying agency DLC
042 ## - AUTHENTICATION CODE
Authentication code pcc
050 00 - LIBRARY OF CONGRESS CALL NUMBER
Classification number PQ8498.413.A882
Item number A76 2007
082 00 - DEWEY DECIMAL CLASSIFICATION NUMBER
Classification number 301
Edition number 22
100 1# - MAIN ENTRY--PERSONAL NAME
Personal name Castillo, Max
Fuller form of name (Castillo Rodríguez)
245 10 - TITLE STATEMENT
Title Angeles quebrados /
Statement of responsibility, etc. Max Castillo.
250 ## - EDITION STATEMENT
Edition statement 1. ed.
260 ## - PUBLICATION, DISTRIBUTION, ETC. (IMPRINT)
Place of publication, distribution, etc. La Victoria, Lima, Perú :
Name of publisher, distributor, etc. Hipocampo Editores,
Date of publication, distribution, etc. 2007.
300 ## - PHYSICAL DESCRIPTION
Extent 90 p. ;
Dimensions 18 cm.
490 1# - SERIES STATEMENT
Series statement Serie Cavalts armats ;
Volume/sequential designation 1
830 #0 - SERIES ADDED ENTRY--UNIFORM TITLE
Uniform title Serie Cavalts armats ;
Volume number/sequential designation 1.
942 ## - ADDED ENTRY ELEMENTS (KOHA)
Source of classification or shelving scheme Dewey Decimal Classification
Koha item type Books
948 1# - LOCAL PROCESSING INFORMATION (OCLC); SERIES PART DESIGNATOR (RLIN)
Series part designator, SPT (RLIN) 20071119
b (OCLC) c
c (OCLC) as2107
d (OCLC) MPS
Holdings
Withdrawn status Lost status Source of classification or shelving scheme Damaged status Not for loan Collection code Home library Current library Date acquired Total Checkouts Full call number Date last seen Price effective from Koha item type
    Dewey Decimal Classification   Not For Loan Reference Wesley Powell Learning Resource Centre Wesley Powell Learning Resource Centre 09/08/2014   RBC/301 UKS 09/08/2014 09/08/2014 Books